Galateo Español ... / (Record no. 154723)
[ view plain ]
| 000 -LEADER | |
|---|---|
| campo de control de longitud fija | 01208nam a2200265 i 4500 |
| 001 - NÚMERO DE CONTROL | |
| campo de control | 154723 |
| 003 - IDENTIFICADOR DE NÚMERO DE CONTROL | |
| campo de control | ES-MaACL |
| 005 - FECHA Y HORA DE LA ÚLTIMA TRANSACCIÓN | |
| campo de control | 20230906205829.0 |
| 008 - DATOS DE LONGITUD FIJA--INFORMACIÓN GENERAL | |
| campo de control de longitud fija | 931025s1722 sp |||| | spa d |
| 040 ## - FUENTE DE CATALOGACIÓN | |
| Centro catalogador/agencia de origen | CAM |
| Lengua de catalogación | spa |
| Centro/agencia transcriptor | PAB |
| 100 1# - ENTRADA PRINCIPAL--NOMBRE DE PERSONA | |
| Nombre de persona | Gracián Dantisco, Lucas. |
| 9 (RLIN) | 59485 |
| 245 10 - MENCIÓN DEL TÍTULO | |
| Título | Galateo Español ... / |
| Mención de responsabilidad, etc. | su autor Lucas Gracian Dantisco ... ; va añadido el destierro de ignorancia ... y la vida del Lazarillo de Tormes castigado. |
| 250 ## - MENCION DE EDICION | |
| Mención de edición | aora nuevamente impresso y enmendado. |
| 260 ## - PUBLICACIÓN, DISTRIBUCIÓN, ETC. | |
| Lugar de publicación, distribución, etc. | En Madrid : |
| Nombre del editor, distribuidor, etc. | en la imprenta de Juan Sanz, |
| Fecha de publicación, distribución, etc. | 1722. |
| 300 ## - DESCRIPCIÓN FÍSICA | |
| Extensión | 8], 285 p. ; |
| Dimensiones | 8\pa\s. |
| 505 8# - NOTA DE CONTENIDO CON FORMATO | |
| Nota de contenido con formato | Destierro de ignorancia / nuevamente compuesto por Horacio Riminaldo boloñes ..., p. 166-214. Vida de Lazarillo de Tormes castigado ..., p. 215-285 |
| 594 #1 - Nota al título y mención de responsabilidad | |
| Nota al título y mención de responsabilidad | Segunda obra traducida del italiano. |
| 595 #1 - | |
| -- | Mención de edición precede a mención de responsabilidad. |
| 597 #1 - NOTA DE DESCRIPCIÓN FÍSICA | |
| NOTA DE DESCRIPCIÓN FÍSICA | Sign. : calderón]\p4\s, A-R\p8\s, S\p7\s. |
| 597 #1 - NOTA DE DESCRIPCIÓN FÍSICA | |
| NOTA DE DESCRIPCIÓN FÍSICA | Port. con orla tip. |
| 597 #1 - NOTA DE DESCRIPCIÓN FÍSICA | |
| NOTA DE DESCRIPCIÓN FÍSICA | Tercera obra con port. propia. |
| 700 11 - ENTRADA AGREGADA--NOMBRE PERSONAL | |
| Nombre de persona | Riminaldo, Orazio. |
| Título de la obra | Destierro de ignorancia. |
| 9 (RLIN) | 131824 |
| 730 0# - ASIENTO SECUNDARIO--TITULO UNIFORME | |
| Título uniforme | Lazarillo de Tormes. |
| 9 (RLIN) | 122472 |
| 852 ## - LOCALIZACIÓN | |
| Ubicación | ES-MaACL |
| Número de control de estantería | R-522 |
| Nota libre | -- Enc. perg. |
| Encuadernación | Olim: D-3892 |
| Estatus retirado | Estado de pérdida | Estado de daño | No para préstamo | Colección | Biblioteca de origen | Biblioteca actual | Ubicación en estantería | Fecha de adquisición | Fuente de adquisición | Total de préstamos | Signatura topográfica completa | Código de barras | Visto por última vez | Precio de reemplazo | Tipo de ítem Koha |
|---|---|---|---|---|---|---|---|---|---|---|---|---|---|---|---|
| Libros del s. XVIII | Biblioteca del Ateneo de Madrid | Biblioteca del Ateneo de Madrid | Depósito | 17/01/2008 | R-522 | 1161830 | 23/02/2023 | 23/02/2023 | Libro impreso antiguo |
